000 00880nam a2200193 a 4500
008 160512c19989999||||||||||||||||| || u
020 _a8120313135
050 _aCD/QA 76.8.W42 Cha
100 _aChapman, Davis
245 1 0 _aWeb development with visual basic 5
_h[cd-rom]
260 _aNew Delhi:
_bPrentice-Hall, Inc
_c1998
300 _a4 3/4 in.
650 _aCOMPUTERS
650 _aVISUAL BASICS
650 _aWEB SITE DEVELOPMENT--COMPUTER PROGRAMS
995 _ae-RESOURCES
_e20142125
_FCBU-MAIN LIBRARY (Kitwe)
_jCD/QA 76.8.W42 Cha
_M2
_UAVAILABLE
_WJul 13, 2016
_y20142125
_Ze-Media Collection
995 _ae-RESOURCES
_e20141037
_FCBU-MAIN LIBRARY (Kitwe)
_jCD/QA 76.8.W42 Cha
_M1
_UAVAILABLE
_WMay 12, 2016
_y20141037
_Ze-Media Collection
995 _ae-RESOURCES
_e20142152
_FCBU-MAIN LIBRARY (Kitwe)
_jCD/QA 76.8.W42 Cha
_M3
_UAVAILABLE
_WJul 14, 2016
_y20142152
_Ze-Media Collection
999 _c83090
_d83090